Le grand Quizz du Vélo - Statistiques

Statistiques générales
  • Ce quiz a été pris 982 fois
  • Le résultat moyen est 9 sur 11
Statistiques - réponses
ANNEE TOUR DE FRANCE % Correct
2020 POGACAR
94%
2015 FROOME
91%
2016 FROOME
91%
2017 FROOME
91%
2019 BERNAL
89%
2018 THOMAS
86%
2013 FROOME
83%
2014 NIBALI
81%
2012 WIGGINS
73%
2010 SCHLECK
71%
2011 EVANS
67%
Aucun quiz correspondant
Distribution des résultats
% des personnes avec chaque résultat
Percentile par nombre de réponses
Votre historique - résultats
Vous n’avez pas pris ce quiz